Fundamentals of Ecosystem Science (Record no. 546825)

MARC details
000 -LEADER
fixed length control field 00421nam a2200169Ia 4500
008 - FIXED-LENGTH DATA ELEMENTS--GENERAL INFORMATION
fixed length control field 240825s9999 xx 000 0 und d
020 ## - INTERNATIONAL STANDARD BOOK NUMBER
ISBN 9780128127629
Paper back/Hardbound pbk
041 ## - LANGUAGE CODE
Language code of text/sound track or separate title eng.
082 ## - DEWEY DECIMAL CLASSIFICATION NUMBER
Classification number 577
Item number WEA
100 ## - MAIN ENTRY--AUTHOR NAME
Personal name Weathers, K.C.
245 #0 - TITLE STATEMENT
Title Fundamentals of Ecosystem Science
Statement of responsibility, etc Weathers K.C.
250 ## - EDITION STATEMENT
Edition statement 2nd ed.
260 ## - PUBLICATION, DISTRIBUTION, ETC. (IMPRINT)
Name of publisher Elsevier
Year of publication 2021
Place of publication UK
300 ## - PHYSICAL DESCRIPTION
Number of Pages 344 pages
650 ## - SUBJECT ADDED ENTRY--TOPICAL TERM
Topical Term Ecology
942 ## - ADDED ENTRY ELEMENTS (KOHA)
Koha item type English Books
Holdings
Withdrawn status Lost status Damaged status Not for loan Home library Current library Shelving location Date acquired Full call number Accession Number Price effective from Koha item type
        Anna Centenary Library Anna Centenary Library 5TH FLOOR, A WING 25.08.2024 577 WEA 661344 25.08.2024 Reference

Find us on the map